Měnové aspekty přílivu zahraničních investic.
Vplyv zahraničných investícií na vnútornú ekonomiku. Faktory ovplyvňujúce atraktívnosť českej ekonomiky pre zahraničný kapitál. Priame zahraničné investície. Kapitálové toky medzi ČR a SR. Portfoliové investície a ich štruktúra.
Saved in:
| Main Author: | |
|---|---|
| Format: | Book Chapter |
| Language: | Czech |
| Subjects: | |
| Tags: |
No Tags, Be the first to tag this record!
|
MARC
| LEADER | 00000naa a2200000 4500 | ||
|---|---|---|---|
| 001 | r013098 | ||
| 005 | 20221213082701.8 | ||
| 041 | 0 | |a cze | |
| 044 | |a CZ | ||
| 245 | 1 | 0 | |a Měnové aspekty přílivu zahraničních investic. |c Stanislava Janáčková |
| 520 | |a Vplyv zahraničných investícií na vnútornú ekonomiku. Faktory ovplyvňujúce atraktívnosť českej ekonomiky pre zahraničný kapitál. Priame zahraničné investície. Kapitálové toky medzi ČR a SR. Portfoliové investície a ich štruktúra. | ||
| 610 | 2 | 0 | |a investície zahraničné |
| 610 | 2 | 0 | |a pohyb kapitálu |
| 610 | 2 | 0 | |a Čechy |
| 610 | 2 | 0 | |a Slovensko |
| 610 | 2 | 0 | |a mena |
| 610 | 2 | 0 | |a 1993 |
| 610 | 2 | 0 | |a dovoz |
| 610 | 2 | 0 | |a portfólio |
| 610 | 2 | 0 | |a investície rozvojové |
| 610 | 2 | 0 | |a FNM ČR Praha |
| 100 | 1 | |a Janáčková, Stanislava | |